Lingo macht mint, heft 10 (Record no. 67997)

MARC details
000 -LÍDER
campo de controle de tamanho fixo 00271 a2200121 4500
001 - NÚMERO DE CONTROLE
campo de controle 67997
040 ## - FONTE DA CATALOGAÇÃO
Instituição que transcreveu o registro Anchieta - Pituba
240 10 - TÍTULO UNIFORME
Título uniforme Lingo macht mint, heft 10
Idioma da obra deu / ger
245 10 - TÍTULO
Título Lingo macht mint, heft 10
300 ## - DESCRIÇÃO FÍSICA
Extensão 10
650 #4 - ASSUNTO--TERMO TÓPICO
Cabeçalho tópico ou nome geográfico Língua alemã
942 ## - ELEMENTOS DE ENTRADA ADICIONADOS (KOHA)
Tipo de material Koha Livros

No items available.